Statistieken voor Landen die beginnen met D

Klik hier om de quiz te nemen!

Algemene statistieken

  • Deze quiz is 2.599 keer genomen
    (823 sinds de laatste reset)
  • De gemiddelde score is 4 van 6

Antwoordstatistieken

Land% Correct
Duitsland
93%
Denemarken
92%
Dominica
72%
Dominicaanse Republiek
72%
Djibouti
70%
Democratische Republiek Congo
31%

Scoreverdeling

Percentiel versus Aantal Correcte Antwoorden

Procent van Mensen met Elke Score

Uw Scoregeschiedenis

U heeft deze quiz nog niet genomen sinds de laatste reset